[Event "English Schools Championship Final 2024"]
[Site "Nottingham University Kings Meadow Campus, United Kingdom"]
[Date "2024.06.27"]
[Round "3.15"]
[White "Pushyna, Platon"]
[Black "Shidlagatta, Anirudh"]
[Result "1/2-1/2"]
[TimeControl "G50' + 10\" per move."]
[WhiteFideId "343422314"]
[BlackFideId "469475"]
[WhiteElo "1909"]
[BlackElo "1918"]

1. e4 {[%clk 00:50:18]} e6 {[%clk 00:50:15]} {[%emt 00:00:06]} 2. d4 {[%clk
00:50:21]} {[%emt 00:00:08]} d5 {[%clk 00:50:19]} {[%emt 00:00:05]} 3. Nd2
{[%clk 00:50:30]} {[%emt 00:00:01]} Nf6 {[%clk 00:50:21]} {[%emt 00:00:08]} 4.
e5 {[%clk 00:50:36]} {[%emt 00:00:04]} Nfd7 {[%clk 00:50:27]} {[%emt 00:00:04]}
5. Bd3 {[%clk 00:50:37]} {[%emt 00:00:10]} c5 {[%clk 00:50:31]} {[%emt
00:00:05]} 6. c3 {[%clk 00:50:44]} {[%emt 00:00:04]} Nc6 {[%clk 00:50:37]}
{[%emt 00:00:04]} 7. Ne2 {[%clk 00:50:49]} {[%emt 00:00:04]} cxd4 {[%clk
00:50:39]} {[%emt 00:00:07]} 8. cxd4 {[%clk 00:50:52]} {[%emt 00:00:08]} f6
{[%clk 00:50:46]} {[%emt 00:00:03]} 9. exf6 {[%clk 00:49:25]} {[%emt 00:01:37]}
Nxf6 {[%clk 00:50:49]} {[%emt 00:00:06]} 10. Nf3 {[%clk 00:48:42]} {[%emt
00:00:53]} Bd6 {[%clk 00:50:51]} {[%emt 00:00:09]} 11. Bf4 {[%clk 00:47:55]}
{[%emt 00:00:58]} O-O {[%clk 00:49:40]} {[%emt 00:01:20]} 12. O-O {[%clk
00:47:48]} {[%emt 00:00:18]} Ne4 {[%clk 00:47:38]} {[%emt 00:02:11]} 13. Bxd6
{[%clk 00:46:19]} {[%emt 00:01:40]} Qxd6 {[%clk 00:47:40]} {[%emt 00:00:07]} 14.
Nc3 {[%clk 00:41:20]} {[%emt 00:05:09]} Nxc3 {[%clk 00:46:40]} {[%emt
00:01:10]} 15. bxc3 {[%clk 00:41:11]} {[%emt 00:00:19]} e5 {[%clk 00:45:31]}
{[%emt 00:01:19]} 16. dxe5 {[%clk 00:40:13]} {[%emt 00:01:08]} Nxe5 {[%clk
00:45:35]} {[%emt 00:00:06]} 17. Nxe5 {[%clk 00:39:44]} {[%emt 00:00:40]} Qxe5
{[%clk 00:45:40]} {[%emt 00:00:05]} 18. Qb3 {[%clk 00:38:09]} {[%emt 00:01:45]}
Kh8 {[%clk 00:44:15]} {[%emt 00:01:35]} 19. Rae1 {[%clk 00:37:27]} {[%emt
00:00:52]} Qg5 {[%clk 00:43:13]} {[%emt 00:01:11]} 20. f4 {[%clk 00:35:30]}
{[%emt 00:02:07]} Qf6 {[%clk 00:39:03]} {[%emt 00:04:19]} 21. Qxd5 {[%clk
00:32:44]} {[%emt 00:02:57]} Qxc3 {[%clk 00:37:25]} {[%emt 00:01:49]} 22. Rc1
{[%clk 00:32:40]} {[%emt 00:00:13]} Qf6 {[%clk 00:36:47]} {[%emt 00:00:47]} 23.
f5 {[%clk 00:28:30]} {[%emt 00:04:21]} Rd8 {[%clk 00:33:57]} {[%emt 00:02:59]}
24. Qf3 {[%clk 00:24:58]} {[%emt 00:03:43]} Qd4+ {[%clk 00:33:26]} {[%emt
00:00:41]} 25. Kh1 {[%clk 00:23:56]} {[%emt 00:01:12]} Qxd3 {[%clk 00:23:35]}
{[%emt 00:10:01]} 26. Rcd1 {[%clk 00:23:11]} {[%emt 00:00:55]} Qxd1 {[%clk
00:22:52]} {[%emt 00:00:53]} 27. Rxd1 {[%clk 00:23:06]} {[%emt 00:00:15]} Rxd1+
{[%clk 00:22:57]} {[%emt 00:00:05]} 28. Qxd1 {[%clk 00:23:14]} {[%emt
00:00:02]} Bxf5 {[%clk 00:23:00]} {[%emt 00:00:07]} 29. Qf3 {[%clk 00:22:59]}
{[%emt 00:00:25]} Re8 {[%clk 00:22:44]} {[%emt 00:00:26]} 30. h4 {[%clk
00:22:53]} {[%emt 00:00:16]} Be4 {[%clk 00:22:44]} {[%emt 00:00:10]} 31. Qh5
{[%clk 00:22:24]} {[%emt 00:00:40]} Bc6 {[%clk 00:22:17]} {[%emt 00:00:36]} 32.
Kh2 {[%clk 00:22:18]} {[%emt 00:00:16]} Kg8 {[%clk 00:21:39]} {[%emt 00:00:48]}
33. a4 {[%clk 00:21:32]} {[%emt 00:00:56]} a6 {[%clk 00:20:15]} {[%emt
00:01:34]} 34. Qg4 {[%clk 00:20:43]} {[%emt 00:01:00]} Re4 {[%clk 00:18:07]}
{[%emt 00:02:18]} 35. Qc8+ {[%clk 00:20:45]} {[%emt 00:00:07]} Kf7 {[%clk
00:18:07]} {[%emt 00:00:10]} 36. Qf5+ {[%clk 00:20:44]} {[%emt 00:00:11]} Kg8
{[%clk 00:17:36]} {[%emt 00:00:39]} 37. h5 {[%clk 00:18:49]} {[%emt 00:02:06]}
Rxa4 {[%clk 00:16:20]} {[%emt 00:01:27]} 38. Qc8+ {[%clk 00:18:29]} {[%emt
00:00:30]} Kf7 {[%clk 00:15:00]} {[%emt 00:01:30]} 39. Qf5+ {[%clk 00:18:35]}
{[%emt 00:00:04]} Kg8 {[%clk 00:14:02]} {[%emt 00:01:08]} 1/2-1/2

[Event "English Schools Championship Final 2024"]
[Site "Nottingham University Kings Meadow Campus, United Kingdom"]
[Date "2024.06.27"]
[Round "3.16"]
[White "Wang, Luoke"]
[Black "Gupta, Leonardo"]
[Result "1-0"]
[TimeControl "G50' + 10\" per move."]
[WhiteFideId "499293"]
[BlackFideId "343430988"]
[WhiteElo "1953"]
[BlackElo "1617"]

1. d4 {[%clk 00:50:10]} {[%emt 00:00:09]} d5 {[%clk 00:49:39]} {[%emt
00:00:41]} 2. c4 {[%clk 00:49:52]} {[%emt 00:00:28]} e6 {[%clk 00:49:32]}
{[%emt 00:00:17]} 3. Nc3 {[%clk 00:49:41]} {[%emt 00:00:21]} c5 {[%clk
00:48:54]} {[%emt 00:00:48]} 4. cxd5 {[%clk 00:48:02]} {[%emt 00:01:49]} exd5
{[%clk 00:48:51]} {[%emt 00:00:13]} 5. Nf3 {[%clk 00:48:06]} {[%emt 00:00:06]}
Nf6 {[%clk 00:47:12]} {[%emt 00:01:48]} 6. g3 {[%clk 00:48:06]} {[%emt
00:00:11]} Nc6 {[%clk 00:46:50]} {[%emt 00:00:32]} 7. Bg2 {[%clk 00:48:02]}
{[%emt 00:00:15]} cxd4 {[%clk 00:45:33]} {[%emt 00:01:27]} 8. Nxd4 {[%clk
00:48:00]} {[%emt 00:00:11]} Bc5 {[%clk 00:45:38]} {[%emt 00:00:04]} 9. Nxc6
{[%clk 00:47:56]} {[%emt 00:00:15]} bxc6 {[%clk 00:45:41]} {[%emt 00:00:07]} 10.
O-O {[%clk 00:47:56]} {[%emt 00:00:11]} O-O {[%clk 00:44:29]} {[%emt 00:01:21]}
11. Qc2 {[%clk 00:45:23]} {[%emt 00:02:43]} Bd6 {[%clk 00:42:09]} {[%emt
00:02:30]} 12. Na4 {[%clk 00:42:56]} {[%emt 00:02:37]} Bd7 {[%clk 00:40:58]}
{[%emt 00:01:21]} 13. Be3 {[%clk 00:40:28]} {[%emt 00:02:39]} Qe7 {[%clk
00:38:36]} {[%emt 00:02:31]} 14. Rac1 {[%clk 00:35:38]} {[%emt 00:05:00]} Ne4
{[%clk 00:35:23]} {[%emt 00:03:23]} 15. Bxe4 {[%clk 00:32:43]} {[%emt
00:03:06]} dxe4 {[%clk 00:35:17]} {[%emt 00:00:16]} 16. Bc5 {[%clk 00:32:40]}
{[%emt 00:00:13]} Bxc5 {[%clk 00:33:53]} {[%emt 00:01:34]} 17. Qxc5 {[%clk
00:32:01]} {[%emt 00:00:49]} Qxc5 {[%clk 00:33:25]} {[%emt 00:00:37]} 18. Nxc5
{[%clk 00:32:09]} {[%emt 00:00:02]} Bh3 {[%clk 00:32:59]} {[%emt 00:00:36]} 19.
Rfd1 {[%clk 00:31:49]} {[%emt 00:00:29]} Rfe8 {[%clk 00:31:42]} {[%emt
00:01:28]} 20. Rd6 {[%clk 00:30:16]} {[%emt 00:01:44]} Rac8 {[%clk 00:27:02]}
{[%emt 00:04:49]} 21. Rcd1 {[%clk 00:28:37]} {[%emt 00:01:50]} h6 {[%clk
00:23:21]} {[%emt 00:03:50]} 22. b4 {[%clk 00:26:26]} {[%emt 00:02:21]} Re5
{[%clk 00:21:07]} {[%emt 00:02:24]} 23. R1d4 {[%clk 00:19:55]} {[%emt
00:06:41]} a5 {[%clk 00:17:29]} {[%emt 00:03:47]} 24. a3 {[%clk 00:16:23]}
{[%emt 00:03:43]} axb4 {[%clk 00:17:09]} {[%emt 00:00:30]} 25. axb4 {[%clk
00:16:28]} {[%emt 00:00:05]} Ra8 {[%clk 00:15:42]} {[%emt 00:01:36]} 26. Rd8+
{[%clk 00:16:27]} {[%emt 00:00:13]} Re8 {[%clk 00:13:36]} {[%emt 00:02:15]} 27.
Rxe8+ {[%clk 00:16:01]} {[%emt 00:00:36]} Rxe8 {[%clk 00:13:44]} {[%emt
00:00:02]} 28. Nxe4 {[%emt 00:02:30]} Ra8 {[%clk 00:12:04]} 29. f3 {[%clk
00:14:38]} {[%emt 00:01:04]} Ra2 {[%clk 00:11:16]} {[%emt 00:00:57]} 30. Kf2
{[%clk 00:14:34]} {[%emt 00:00:14]} Be6 {[%clk 00:10:44]} {[%emt 00:00:42]} 31.
Nc5 {[%clk 00:14:09]} {[%emt 00:00:35]} Bf5 {[%clk 00:08:48]} {[%emt 00:02:05]}
32. g4 {[%clk 00:13:24]} {[%emt 00:00:56]} Bg6 {[%clk 00:08:33]} {[%emt
00:00:25]} 33. Nd7 {[%clk 00:12:32]} {[%emt 00:01:02]} f6 {[%clk 00:07:36]}
{[%emt 00:01:06]} 34. f4 {[%clk 00:12:02]} {[%emt 00:00:41]} Rb2 {[%clk
00:06:33]} {[%emt 00:01:13]} 35. Nc5 {[%clk 00:11:05]} {[%emt 00:01:07]} Bf7
{[%clk 00:05:46]} {[%emt 00:00:57]} 36. Kf3 {[%clk 00:09:48]} {[%emt 00:01:27]}
h5 {[%clk 00:05:10]} {[%emt 00:00:46]} 37. g5 {[%clk 00:08:48]} {[%emt
00:01:10]} h4 {[%clk 00:04:47]} {[%emt 00:00:34]} 38. Rd8+ {[%clk 00:03:44]}
{[%emt 00:05:14]} Kh7 {[%clk 00:04:53]} {[%emt 00:00:04]} 39. Nd7 {[%clk
00:03:53]} {[%emt 00:00:01]} Bh5+ {[%clk 00:04:24]} {[%emt 00:00:38]} 40. Kg2
{[%clk 00:02:53]} {[%emt 00:01:10]} Rxe2+ {[%clk 00:03:41]} {[%emt 00:00:53]}
41. Kh3 {[%clk 00:02:51]} {[%emt 00:00:12]} Kg6 {[%clk 00:03:49]} {[%emt
00:00:01]} 42. gxf6 {[%clk 00:02:03]} {[%emt 00:00:59]} gxf6 {[%clk 00:03:57]}
{[%emt 00:00:02]} 43. Rf8 {[%clk 00:01:50]} {[%emt 00:00:23]} f5 {[%clk
00:03:09]} {[%emt 00:00:58]} 44. Ne5+ {[%clk 00:01:36]} {[%emt 00:00:24]} Kg7
{[%clk 00:03:18]} {[%emt 00:00:01]} 45. Rxf5 {[%clk 00:01:36]} {[%emt
00:00:10]} Bg6 {[%clk 00:02:57]} {[%emt 00:00:31]} 46. Rg5 {[%clk 00:01:37]}
{[%emt 00:00:09]} 1-0

[Event "English Schools Championship Final 2024"]
[Site "Nottingham University Kings Meadow Campus, United Kingdom"]
[Date "2024.06.27"]
[Round "3.17"]
[White "Botgros, Alex"]
[Black "Lapidus, Alexey M"]
[Result "1/2-1/2"]
[TimeControl "G50' + 10\" per move."]
[BlackFideId "24276111"]
[WhiteElo "1700"]
[BlackElo "1781"]

1. d4 {[%clk 00:50:19]} {[%emt 00:00:01]} Nf6 {[%clk 00:50:19]} {[%emt
00:00:02]} 2. Bg5 {[%clk 00:50:22]} {[%emt 00:00:07]} e6 {[%clk 00:49:47]}
{[%emt 00:00:42]} 3. e4 {[%clk 00:50:27]} {[%emt 00:00:04]} Be7 {[%clk
00:49:34]} {[%emt 00:00:24]} 4. e5 {[%clk 00:50:31]} {[%emt 00:00:05]} Nd5
{[%clk 00:48:38]} {[%emt 00:01:06]} 5. Bxe7 {[%clk 00:50:36]} {[%emt 00:00:05]}
Qxe7 {[%clk 00:48:14]} {[%emt 00:00:35]} 6. c4 {[%clk 00:50:37]} {[%emt
00:00:09]} Qb4+ {[%clk 00:46:23]} {[%emt 00:02:01]} 7. Qd2 {[%clk 00:50:12]}
{[%emt 00:00:33]} Qxd2+ {[%clk 00:45:33]} {[%emt 00:01:00]} 8. Kxd2 {[%clk
00:49:05]} {[%emt 00:01:17]} Nb6 {[%clk 00:41:54]} {[%emt 00:03:50]} 9. Nc3
{[%clk 00:48:28]} {[%emt 00:00:47]} Nc6 {[%clk 00:36:20]} {[%emt 00:05:45]} 10.
Nf3 {[%clk 00:46:58]} {[%emt 00:01:39]} d5 {[%clk 00:33:02]} {[%emt 00:03:28]}
11. exd6 {[%clk 00:45:00]} {[%emt 00:02:07]} cxd6 {[%clk 00:32:57]} {[%emt
00:00:16]} 12. Bd3 {[%clk 00:44:30]} {[%emt 00:00:39]} O-O {[%emt 00:06:13]} 13.
Rhe1 {[%clk 00:43:33]} a6 {[%clk 00:25:36]} {[%emt 00:02:36]} 14. Rad1 {[%clk
00:42:10]} {[%emt 00:01:33]} d5 {[%clk 00:23:23]} {[%emt 00:02:23]} 15. cxd5
{[%clk 00:39:08]} {[%emt 00:03:12]} exd5 {[%clk 00:22:24]} {[%emt 00:01:09]} 16.
h3 {[%clk 00:38:20]} {[%emt 00:00:59]} Bd7 {[%clk 00:19:52]} {[%emt 00:02:42]}
17. Re2 {[%clk 00:36:23]} {[%emt 00:02:06]} Nb4 {[%clk 00:15:11]} {[%emt
00:04:52]} 18. Bb1 {[%clk 00:34:31]} {[%emt 00:02:01]} Bb5 {[%clk 00:09:30]}
{[%emt 00:05:51]} 19. Nxb5 {[%clk 00:32:27]} {[%emt 00:02:14]} axb5 {[%clk
00:09:31]} {[%emt 00:00:09]} 20. a3 {[%clk 00:31:53]} {[%emt 00:00:44]} Nc4+
{[%clk 00:09:12]} {[%emt 00:00:28]} 21. Ke1 {[%clk 00:31:35]} {[%emt 00:00:28]}
Nc6 {[%clk 00:08:40]} {[%emt 00:00:43]} 22. Kf1 {[%clk 00:30:27]} {[%emt
00:01:18]} Rfe8 {[%clk 00:05:54]} {[%emt 00:02:57]} 23. Rde1 {[%clk 00:30:21]}
{[%emt 00:00:16]} Rxe2 {[%clk 00:05:35]} {[%emt 00:00:29]} 24. Rxe2 {[%clk
00:30:21]} {[%emt 00:00:09]} g6 {[%clk 00:05:25]} {[%emt 00:00:20]} 25. Bd3
{[%clk 00:29:44]} {[%emt 00:00:47]} b4 {[%clk 00:03:35]} {[%emt 00:02:00]} 26.
Bxc4 {[%clk 00:28:53]} {[%emt 00:01:01]} dxc4 {[%clk 00:03:44]} 1/2-1/2

[Event "English Schools Championship Final 2024"]
[Site "Nottingham University Kings Meadow Campus, United Kingdom"]
[Date "2024.06.27"]
[Round "3.18"]
[White "Sharma, Naavya"]
[Black "Li, Yuanxi"]
[Result "1/2-1/2"]
[TimeControl "G50' + 10\" per move."]
[WhiteFideId "463132"]
[BlackFideId "483192"]
[WhiteElo "1759"]
[BlackElo "1601"]

1. d4 {[%clk 00:50:17]} {[%emt 00:00:02]} Nf6 {[%clk 00:50:07]} {[%emt
00:00:14]} 2. c4 {[%clk 00:50:20]} {[%emt 00:00:07]} g6 {[%clk 00:50:11]}
{[%emt 00:00:06]} 3. Nc3 {[%clk 00:50:19]} {[%emt 00:00:10]} Bg7 {[%clk
00:50:16]} {[%emt 00:00:05]} 4. g3 {[%clk 00:50:19]} {[%emt 00:00:10]} O-O
{[%clk 00:50:17]} {[%emt 00:00:10]} 5. Bg2 {[%clk 00:50:21]} {[%emt 00:00:08]}
d6 {[%clk 00:50:02]} {[%emt 00:00:25]} 6. Nf3 {[%clk 00:50:03]} {[%emt
00:00:28]} a5 {[%clk 00:49:43]} {[%emt 00:00:29]} 7. O-O {[%clk 00:49:41]}
{[%emt 00:00:31]} Nbd7 {[%clk 00:49:16]} {[%emt 00:00:38]} 8. e4 {[%clk
00:47:57]} {[%emt 00:01:54]} e5 {[%clk 00:48:36]} {[%emt 00:00:50]} 9. Ne1
{[%clk 00:47:00]} {[%emt 00:01:06]} Nb6 {[%clk 00:45:36]} {[%emt 00:03:10]} 10.
b3 {[%clk 00:42:52]} {[%emt 00:04:18]} exd4 {[%emt 00:00:16]} 11. Qd2 {[%emt
00:00:39]} d3 12. Qxd3 {[%clk 00:42:22]} Nxe4 {[%clk 00:45:16]} {[%emt
00:00:25]} 13. Qxe4 {[%clk 00:42:07]} {[%emt 00:00:25]} Bxc3 {[%clk 00:45:22]}
{[%emt 00:00:03]} 14. Rb1 {[%clk 00:36:12]} {[%emt 00:06:07]} Bf5 {[%clk
00:45:16]} {[%emt 00:00:16]} 15. Qf3 {[%clk 00:36:13]} {[%emt 00:00:08]} Bxb1
{[%clk 00:42:08]} {[%emt 00:03:18]} 16. Qxc3 {[%clk 00:36:13]} {[%emt
00:00:11]} Re8 {[%clk 00:41:12]} {[%emt 00:01:06]} 17. Bh6 {[%clk 00:35:47]}
{[%emt 00:00:35]} f6 {[%clk 00:40:57]} {[%emt 00:00:26]} 18. Nf3 {[%clk
00:34:11]} {[%emt 00:01:45]} Bf5 {[%clk 00:38:43]} {[%emt 00:02:24]} 19. Nd4
{[%clk 00:29:24]} {[%emt 00:04:57]} Bc8 {[%clk 00:34:39]} {[%emt 00:04:14]} 20.
f4 {[%clk 00:27:21]} {[%emt 00:02:14]} Rb8 {[%clk 00:33:11]} {[%emt 00:01:38]}
21. f5 {[%clk 00:21:51]} {[%emt 00:05:39]} c5 {[%clk 00:31:29]} {[%emt
00:01:53]} 22. Nb5 {[%clk 00:19:30]} {[%emt 00:02:31]} Bxf5 {[%clk 00:30:38]}
{[%emt 00:01:00]} 23. g4 {[%clk 00:18:37]} {[%emt 00:01:04]} Bxg4 {[%clk
00:28:16]} {[%emt 00:02:32]} 24. Rxf6 {[%clk 00:16:45]} {[%emt 00:02:00]} Qe7
{[%clk 00:27:16]} {[%emt 00:01:12]} 25. Rf1 {[%clk 00:12:42]} {[%emt 00:04:13]}
Qe5 {[%clk 00:25:34]} {[%emt 00:01:51]} 26. Qxa5 {[%clk 00:12:00]} {[%emt
00:00:52]} Nd7 {[%clk 00:22:41]} {[%emt 00:03:03]} 27. Bd5+ {[%clk 00:11:17]}
{[%emt 00:00:54]} Be6 {[%clk 00:20:03]} {[%emt 00:02:47]} 28. Re1 {[%clk
00:10:36]} {[%emt 00:00:52]} Qh5 {[%clk 00:20:02]} {[%emt 00:00:11]} 29. Qc3
{[%clk 00:06:42]} {[%emt 00:04:04]} Qg4+ {[%emt 00:02:22]} 30. Bg2 {[%clk
00:05:24]} {[%emt 00:01:26]} Re7 {[%clk 00:10:56]} {[%emt 00:07:06]} 31. Rxe6
{[%clk 00:04:30]} {[%emt 00:01:04]} Qd1+ {[%clk 00:06:14]} {[%emt 00:04:52]} 32.
Kf2 {[%clk 00:03:39]} {[%emt 00:01:01]} Rf7+ {[%clk 00:06:05]} {[%emt
00:00:19]} 33. Kg3 {[%clk 00:03:35]} {[%emt 00:00:14]} Ne5 {[%clk 00:04:36]}
{[%emt 00:01:38]} 34. Rxe5 {[%clk 00:03:01]} {[%emt 00:00:45]} dxe5 {[%clk
00:04:32]} {[%emt 00:00:13]} 35. Qxe5 {[%clk 00:03:10]} {[%emt 00:00:02]} Qd3+
{[%clk 00:03:57]} {[%emt 00:00:44]} 36. Kh4 {[%clk 00:03:11]} {[%emt 00:00:09]}
Qd8+ {[%clk 00:03:39]} {[%emt 00:00:28]} 37. Kg3 {[%clk 00:02:58]} {[%emt
00:00:24]} Qd3+ {[%clk 00:03:47]} {[%emt 00:00:02]} 38. Kh4 {[%clk 00:03:01]}
{[%emt 00:00:06]} Rd8 {[%clk 00:03:55]} {[%emt 00:00:02]} 39. Bd5 {[%clk
00:03:06]} {[%emt 00:00:06]} Rxd5 {[%emt 00:01:46]} 40. Qxd5 {[%clk 00:02:39]}
{[%emt 00:00:31]} Qxd5 {[%clk 00:01:22]} {[%emt 00:01:13]} 41. cxd5 {[%clk
00:02:48]} Rf5 {[%clk 00:01:15]} {[%emt 00:00:17]} 42. d6 {[%clk 00:02:14]}
{[%emt 00:00:43]} Kf7 {[%clk 00:00:51]} {[%emt 00:00:34]} 43. Bg5 {[%clk
00:02:13]} {[%emt 00:00:12]} h6 {[%clk 00:00:47]} {[%emt 00:00:14]} 44. Be3
{[%clk 00:01:54]} {[%emt 00:00:29]} 1/2-1/2

[Event "English Schools Championship Final 2024"]
[Site "Nottingham University Kings Meadow Campus, United Kingdom"]
[Date "2024.06.27"]
[Round "3.19"]
[White "Borissow, Magnus"]
[Black "Dias, Savin"]
[Result "0-1"]
[TimeControl "G50' + 10\" per move."]
[WhiteFideId "498084"]
[BlackFideId "442399"]
[WhiteElo "2069"]
[BlackElo "2084"]

1. e4 {[%clk 00:50:04]} {[%emt 00:00:15]} c5 {[%emt 00:00:04]} 2. c3 {[%clk
00:50:00]} {[%emt 00:00:13]} d5 {[%clk 00:50:25]} {[%emt 00:00:03]} 3. exd5
{[%clk 00:49:58]} {[%emt 00:00:13]} Qxd5 {[%clk 00:50:31]} {[%emt 00:00:04]} 4.
d4 {[%clk 00:49:45]} {[%emt 00:00:23]} g6 {[%clk 00:50:23]} {[%emt 00:00:19]} 5.
Nf3 {[%clk 00:49:07]} {[%emt 00:00:47]} Bg7 {[%clk 00:50:28]} {[%emt 00:00:04]}
6. Be3 {[%clk 00:48:31]} {[%emt 00:00:47]} cxd4 {[%clk 00:50:33]} {[%emt
00:00:05]} 7. Bxd4 {[%clk 00:48:24]} {[%emt 00:00:16]} Nf6 {[%clk 00:49:17]}
{[%emt 00:01:27]} 8. Nbd2 {[%clk 00:46:33]} {[%emt 00:02:01]} Nc6 {[%clk
00:47:22]} {[%emt 00:02:05]} 9. Bc4 {[%clk 00:45:05]} {[%emt 00:01:38]} Qh5
{[%clk 00:46:14]} {[%emt 00:01:18]} 10. Qb3 {[%clk 00:37:22]} {[%emt 00:07:53]}
O-O {[%clk 00:45:05]} {[%emt 00:01:18]} 11. O-O {[%clk 00:35:45]} {[%emt
00:01:48]} a6 {[%clk 00:38:38]} {[%emt 00:06:37]} 12. a4 {[%clk 00:34:33]}
{[%emt 00:01:22]} Na5 {[%clk 00:37:34]} {[%emt 00:01:14]} 13. Qa3 {[%clk
00:32:23]} {[%emt 00:02:19]} Nxc4 {[%clk 00:34:33]} {[%emt 00:03:12]} 14. Nxc4
{[%clk 00:32:20]} {[%emt 00:00:13]} Nd5 {[%clk 00:28:36]} {[%emt 00:06:07]} 15.
Bxg7 {[%clk 00:30:07]} {[%emt 00:02:23]} Kxg7 {[%clk 00:28:23]} {[%emt
00:00:23]} 16. Qc5 {[%clk 00:28:35]} {[%emt 00:01:41]} Be6 {[%clk 00:16:25]}
{[%emt 00:12:08]} 17. Nd4 {[%clk 00:20:19]} {[%emt 00:08:26]} Bh3 {[%clk
00:12:06]} {[%emt 00:04:30]} 18. Ne3 {[%clk 00:15:43]} {[%emt 00:04:46]} Nxe3
{[%clk 00:08:21]} {[%emt 00:03:55]} 19. Qxh5 {[%clk 00:14:52]} {[%emt
00:01:01]} gxh5 {[%clk 00:08:26]} {[%emt 00:00:05]} 20. fxe3 {[%clk 00:14:54]}
{[%emt 00:00:07]} Bd7 {[%clk 00:08:03]} {[%emt 00:00:34]} 21. e4 {[%clk
00:13:46]} {[%emt 00:01:17]} Rac8 {[%clk 00:07:29]} {[%emt 00:00:45]} 22. Kf2
{[%clk 00:11:48]} {[%emt 00:02:07]} Rc4 {[%clk 00:05:53]} {[%emt 00:01:47]} 23.
Ke3 {[%clk 00:11:10]} {[%emt 00:00:48]} e6 {[%clk 00:04:59]} {[%emt 00:01:05]}
24. a5 {[%clk 00:10:10]} {[%emt 00:01:09]} Rfc8 {[%clk 00:04:36]} {[%emt
00:00:33]} 25. Rfd1 {[%clk 00:08:46]} {[%emt 00:01:33]} e5 {[%clk 00:02:48]}
{[%emt 00:01:59]} 26. Ne2 {[%clk 00:04:44]} {[%emt 00:04:11]} Be6 {[%clk
00:02:18]} {[%emt 00:00:41]} 27. b3 {[%clk 00:04:22]} {[%emt 00:00:32]} R4c5
{[%clk 00:02:15]} {[%emt 00:00:13]} 28. c4 {[%clk 00:04:28]} {[%emt 00:00:04]}
R5c7 {[%clk 00:01:49]} {[%emt 00:00:35]} 29. Nc3 {[%clk 00:04:06]} {[%emt
00:00:32]} Rd7 {[%clk 00:01:52]} {[%emt 00:00:08]} 30. Rxd7 {[%clk 00:04:05]}
{[%emt 00:00:11]} Bxd7 {[%clk 00:02:01]} {[%emt 00:00:01]} 31. Rd1 {[%clk
00:03:58]} {[%emt 00:00:15]} Be6 {[%clk 00:02:09]} {[%emt 00:00:03]} 32. Rd6
{[%clk 00:03:57]} {[%emt 00:00:10]} Rc5 {[%clk 00:02:05]} {[%emt 00:00:16]} 33.
Rb6 {[%clk 00:03:05]} {[%emt 00:01:02]} Bc8 {[%clk 00:01:17]} {[%emt 00:00:58]}
34. Nd5 {[%clk 00:03:12]} {[%emt 00:00:02]} Kf8 {[%clk 00:01:13]} {[%emt
00:00:14]} 35. Rd6 {[%clk 00:02:00]} {[%emt 00:01:23]} Be6 {[%clk 00:01:09]}
{[%emt 00:00:14]} 36. Rd8+ {[%clk 00:01:41]} {[%emt 00:00:29]} Kg7 {[%clk
00:01:15]} {[%emt 00:00:04]} 37. Rb8 {[%clk 00:01:47]} {[%emt 00:00:03]} Rxa5
{[%clk 00:01:23]} {[%emt 00:00:03]} 38. Rxb7 {[%clk 00:01:51]} {[%emt
00:00:06]} Ra2 {[%clk 00:01:09]} {[%emt 00:00:24]} 39. Nc7 {[%clk 00:01:17]}
{[%emt 00:00:43]} Bc8 {[%clk 00:01:06]} {[%emt 00:00:14]} 40. Rb8 {[%clk
00:01:12]} {[%emt 00:00:15]} Bd7 {[%clk 00:01:02]} {[%emt 00:00:14]} 41. Rd8
{[%clk 00:01:04]} {[%emt 00:00:17]} Bc6 {[%clk 00:01:11]} {[%emt 00:00:01]} 42.
Rd6 {[%clk 00:00:48]} {[%emt 00:00:27]} Bb7 {[%clk 00:01:20]} 43. Rb6 {[%clk
00:00:47]} {[%emt 00:00:11]} Bc8 {[%clk 00:01:29]} 44. c5 {[%clk 00:00:37]}
{[%emt 00:00:20]} Rxg2 {[%clk 00:01:33]} {[%emt 00:00:06]} 45. Nxa6 {[%clk
00:00:29]} {[%emt 00:00:18]} Rxh2 {[%clk 00:01:36]} {[%emt 00:00:07]} 46. c6
{[%clk 00:00:31]} {[%emt 00:00:08]} Rc2 {[%clk 00:00:54]} {[%emt 00:00:52]} 47.
Kd3 {[%clk 00:00:39]} {[%emt 00:00:01]} Rc1 {[%clk 00:01:00]} {[%emt 00:00:05]}
48. Kd2 {[%clk 00:00:43]} {[%emt 00:00:05]} Ra1 {[%clk 00:00:28]} {[%emt
00:00:43]} 49. Nb4 {[%clk 00:00:28]} {[%emt 00:00:25]} h4 {[%clk 00:00:36]}
{[%emt 00:00:03]} 50. c7 {[%clk 00:00:14]} {[%emt 00:00:24]} h3 {[%clk
00:00:41]} {[%emt 00:00:04]} 51. Rb8 {[%clk 00:00:11]} {[%emt 00:00:13]} Be6
{[%clk 00:00:34]} {[%emt 00:00:17]} 52. Re8 {[%clk 00:00:12]} {[%emt 00:00:08]}
Bg4 {[%clk 00:00:28]} {[%emt 00:00:16]} 53. Rxe5 {[%clk 00:00:15]} {[%emt
00:00:07]} Kf6 {[%clk 00:00:23]} {[%emt 00:00:16]} 54. Rf5+ {[%clk 00:00:11]}
{[%emt 00:00:15]} Bxf5 {[%clk 00:00:30]} {[%emt 00:00:02]} 55. exf5 {[%clk
00:00:19]} {[%emt 00:00:02]} Ra8 {[%clk 00:00:39]} {[%emt 00:00:01]} 56. Nd5+
{[%clk 00:00:13]} {[%emt 00:00:17]} Kxf5 {[%clk 00:00:43]} {[%emt 00:00:06]} 57.
b4 {[%clk 00:00:11]} {[%emt 00:00:12]} h2 {[%clk 00:00:50]} {[%emt 00:00:02]}
58. Ne3+ {[%clk 00:00:11]} {[%emt 00:00:10]} Ke6 {[%clk 00:00:52]} {[%emt
00:00:08]} 59. b5 {[%clk 00:00:14]} {[%emt 00:00:07]} h1=Q {[%clk 00:01:00]}
{[%emt 00:00:02]} 60. b6 {[%clk 00:00:15]} {[%emt 00:00:09]} Qb7 {[%clk
00:01:07]} {[%emt 00:00:04]} 0-1